|
|
|
|
| LEADER |
00000nam a2200000 a 4500 |
| 001 |
vtls001329167 |
| 003 |
SK-MaSNL |
| 005 |
20260301160153.0 |
| 008 |
210928s1990 xr 0 cze |
| 020 |
|
|
|a 8085012359
|
| 035 |
|
|
|a SNK000282005
|
| 040 |
|
|
|a SNK
|b slo
|c SNK
|e AACR2
|
| 041 |
0 |
|
|a cze
|
| 044 |
|
|
|a CZ
|
| 080 |
|
|
|a 349.2(437)(094.5)(082)
|2 1981
|
| 245 |
1 |
|
|a Nové pracovně právní předpisy FMPSV [Federální ministerstvo práce a sociálních věcí]
|b sborník přednášek
|
| 260 |
|
|
|a Trutnov
|b Dům kultury ROH
|c 1990
|
| 300 |
|
|
|a 74, [1] s.
|c 8°
|
| 650 |
0 |
7 |
|a právo pracovné čs.
|x predpisy právne
|x zborníky
|2 SNK
|9 521349
|
| 919 |
|
|
|a 80-85012-35-9
|
| 958 |
|
|
|a RK
|
| 958 |
|
|
|a OND
|
| 999 |
|
|
|c 804342
|d 806272
|
| 952 |
|
|
|t P60, <04>, [BOOK], {604}
|a SNK
|b SNK
|y VYP
|7 0
|o snkIC 114706
|i snkKIP 4369/90
|0 0
|1 0
|4 0
|d 1998-04-27
|l 0
|r 2005-01-02 00:00:00
|w 2026-02-24
|
| 952 |
|
|
|t P60, <04>, [BOOK], {604}
|a SNK
|b SNK
|y VYP
|7 0
|o snkIC 114706 D1
|i snkKIP 4370/90
|0 0
|1 0
|4 0
|d 1998-04-27
|l 0
|r 2005-01-02 00:00:00
|w 2026-02-24
|